The evoluationist economics of Leon Waras (Record no. 391956)

000 -LEADER
fixed length control field 00480cam a22001577a 4500
008 - FIXED-LENGTH DATA ELEMENTS--GENERAL INFORMATION
fixed length control field 180718b1996 xxu||||| |||| 00| 0 eng d
020 ## - INTERNATIONAL STANDARD BOOK NUMBER
International Standard Book Number 0415098246
082 ## - DEWEY DECIMAL CLASSIFICATION NUMBER
Classification number T1 J682
100 ## - MAIN ENTRY--PERSONAL NAME
Personal name Jolink, Albert
245 ## - TITLE STATEMENT
Title The evoluationist economics of Leon Waras
Statement of responsibility, etc. by Albert Jolink
260 ## - PUBLICATION, DISTRIBUTION, ETC.
Place of publication, distribution, etc. London
Name of publisher, distributor, etc. Routledge
Date of publication, distribution, etc. 1996
300 ## - PHYSICAL DESCRIPTION
Extent 196p.
440 ## - SERIES STATEMENT/ADDED ENTRY--TITLE
Title Routlidge studies in the history of economics
650 ## - SUBJECT ADDED ENTRY--TOPICAL TERM
Topical term or geographic name entry element Walras, Leon - Views on economics
650 ## - SUBJECT ADDED ENTRY--TOPICAL TERM
Topical term or geographic name entry element Evolutionary economics
Holdings
Withdrawn status Lost status Damaged status Not for loan Permanent Location Current Location Date acquired Full call number Barcode Date last seen Price effective from Koha item type
        Indian Institute of Public Administration Indian Institute of Public Administration 2000-03-25 T1 J682 75090 2018-07-21 2018-07-21 Book

Powered by Koha